Riešenie Bernoulliho diferenciálnej rovnice systematickou ontegráciou

Gespeichert in:
Bibliographische Detailangaben
1. Verfasser: Dávid, Arnold
Weitere Verfasser: Peller, František, Valková, Anna
Format: Buchkapitel
Sprache:Slowakisch
Tags: Tag hinzufügen
Keine Tags, Fügen Sie das erste Tag hinzu!

MARC

LEADER 00000nla$a2200000$$$4500
001 0062305
005 20240502071712.7
041 0 |a slo 
044 |a SK 
245 1 0 |a Riešenie Bernoulliho diferenciálnej rovnice systematickou ontegráciou  |c Arnold Dávid, František Peller, Anna Valková 
100 1 |a Dávid, Arnold 
700 1 |a Peller, František 
700 1 |a Valková, Anna